The Oxford handbook of political methodology / (Record no. 171507)

MARC details
000 -LEADER
fixed length control field 00979nam a22002537a 4500
003 - CONTROL NUMBER IDENTIFIER
control field OSt
005 - DATE AND TIME OF LATEST TRANSACTION
control field 20250516101838.0
008 - FIXED-LENGTH DATA ELEMENTS--GENERAL INFORMATION
fixed length control field 250326b |||||||| |||| 00| 0 eng d
020 ## - INTERNATIONAL STANDARD BOOK NUMBER
International Standard Book Number 9780199286546 (hardcover)
040 ## - CATALOGING SOURCE
Original cataloging agency NUST
Language of cataloging eng
Transcribing agency NUST
Modifying agency NUST
Description conventions rda
050 ## - LIBRARY OF CONGRESS CALL NUMBER
Classification number REF JA71 OXF
245 ## - TITLE STATEMENT
Title The Oxford handbook of political methodology /
Statement of responsibility, etc. edited by Janet M Box-Steffensmeier, Henry E Brady and David Collier.
260 ## - PUBLICATION, DISTRIBUTION, ETC.
Place of publication, distribution, etc. Oxford ; New York :
Name of publisher, distributor, etc. Oxford University Press,
Date of publication, distribution, etc. 2008.
300 ## - PHYSICAL DESCRIPTION
Extent xiii, 880 pages :
Other physical details Illustrations ;
Dimensions 26 cm.
336 ## - CONTENT TYPE
Source rdamedia
Content type term text
Content type code txt
337 ## - MEDIA TYPE
Source rdamedia
Media type term unmediated
Media type code n
338 ## - CARRIER TYPE
Source rdamedia
Carrier type term volume
Carrier type code nc
504 ## - BIBLIOGRAPHY, ETC. NOTE
Bibliography, etc. note Includes bibliographical references and index.
650 ## - SUBJECT ADDED ENTRY--TOPICAL TERM
Form subdivision Political science -- Methodology -- Handbooks, manuals, etc.
700 ## - ADDED ENTRY--PERSONAL NAME
Personal name Box-Steffensmeier, Janet M
Relator term Editor
700 ## - ADDED ENTRY--PERSONAL NAME
Personal name Brady, Henry E
Relator term Editor
700 ## - ADDED ENTRY--PERSONAL NAME
Personal name Collier, David
Relator term Editor
942 ## - ADDED ENTRY ELEMENTS (KOHA)
Source of classification or shelving scheme Library of Congress Classification
Koha item type Ordinary Loan Books
Classification part JA71 OXF
Call number prefix JA
Call number suffix OXF
Suppress in OPAC No
Holdings
Withdrawn status Lost status Source of classification or shelving scheme Damaged status Not for loan Collection Home library Current library Shelving location Date acquired Source of acquisition Cost, normal purchase price Total Checkouts Full call number Barcode Date last seen Accession number Cost, replacement price Price effective from Koha item type Public note
    LCC     NFIC MAIN MAIN REFERENCE 03/26/2025 Book Aid International 236.00   REF JA71 OXF 92004056078 03/26/2025 62613 236.00 03/26/2025 BOOKS Donation